000 00419nab a2200145Ia 4500
003 ES-SlBCS
005 20210601125000.0
008 140529s1993 xxu||||| |||| 00| 0 eng d
041 _aeng
100 1 _aNielsen, Kai
_950638
245 0 0 _aRelativism and Wide Reflective Equilibrium
_c Kai Nielsen
650 0 4 _aRelativismo
_994349
773 0 _tMonist, the
_gvol. 76, nº. 3, 1993, págs. 316-332
_wRev1667
942 _cAR
999 _c522774
_d522774